| 000 | 00494nam a2200193Ia 4500 | ||
|---|---|---|---|
| 005 | 20260603140005.0 | ||
| 008 | 131103s9999 xx 000 0 und d | ||
| 040 | _aLoreto College | ||
| 041 | _aEnglish | ||
| 082 |
_a843 _bBAI |
||
| 100 | _aBalzac, Honore De | ||
| 245 |
_aLes paysans _cHonore De Balzac |
||
| 260 |
_aParis _bGarnier - Flammarion _c1970 |
||
| 300 | _a373p. | ||
| 440 | _aText integral of garnier flammarion | ||
| 650 | _aFrench fiction | ||
| 850 | _aLCLIB | ||
| 942 | _cBK | ||
| 999 |
_c23810 _d74289 |
||